000 00273nam a22001337a 4500
008 180917b xxu||||| |||| 00| 0 eng d
020 _a9780534530013
041 _aeng
080 _a573
100 _a11
101 _aBIO
245 _aBiology
_cStar.C
942 _2udc
_cBK
999 _c47833
_d47833